Beckett and death /

Bibliographic Details
Other Authors: Barfield, Steven, Tew, Philip, Feldman, Matthew
Format: Book
Language:English
Published: London ; New York : Continuum, [2009]
Series:Continuum literary studies.
Subjects:

MARC

Tag First Indicator Second Indicator Subfields
LEADER 00000cam a2200000 a 4500
001 in00002549708
005 20151201090246.0
008 090320s2009 enka b 001 0 eng
010 |a  2009010982 
015 |a GBA967401  |2 bnb 
016 7 |a 015307792  |2 Uk 
020 |a 9780826498359 (hbk.) 
020 |a 0826498353 (hbk.) 
020 |a 9781441165435 (ebook) 
020 |a 1441165436 (ebook) 
035 |a (OCoLC)ocn310401918 
035 |a (OCoLC)310401918 
040 |a DLC  |c DLC  |d BTCTA  |d YDXCP  |d UKM  |d BWKUK  |d BWX  |d UtOrBLW 
049 |a TXAM 
050 0 0 |a PR6003.E282  |b Z5693 2009 
082 0 0 |a 848/.91409  |2 22 
245 0 0 |a Beckett and death /  |c edited by Steven Barfield, Philip Tew, and Matthew Feldman. 
264 1 |a London ;  |a New York :  |b Continuum,  |c [2009] 
264 4 |c ©2009 
300 |a viii, 229 pages :  |b illustrations ;  |c 25 cm. 
336 |a text  |b txt  |2 rdacontent 
337 |a unmediated  |b n  |2 rdamedia 
338 |a volume  |b nc  |2 rdacarrier 
490 1 |a Continuum literary studies series 
504 |a Includes bibliographical references and index. 
600 1 0 |a Beckett, Samuel,  |d 1906-1989  |x Criticism and interpretation. 
650 0 |a Death in literature. 
650 0 |a Mortality in literature. 
700 1 |a Barfield, Steven. 
700 1 |a Tew, Philip. 
700 1 |a Feldman, Matthew. 
830 0 |a Continuum literary studies. 
938 |a Baker and Taylor  |b BTCP  |n BK0008208844 
938 |a YBP Library Services  |b YANK  |n 100519795 
938 |a Blackwell Book Service  |b BBUS  |n R8822676  |c $110.00 
945 |a PromptCat  |b 898632 
946 |a stk 
947 |a A14840060534 
994 |a 92  |b TXA 
948 |a cataloged  |b h  |d 2010/2/11  |h c  |e asalazar  |f 3:02:57 pm 
999 |a MARS 
999 f f |s e54b8c3f-4e04-3a7a-bd69-f46a60b9a522  |i 86a84994-bda9-3fa0-9671-b95927d0a08b  |t 0 
952 f f |p normal  |a Texas A&M University  |b College Station  |c Sterling C. Evans Library  |d Evans: Library Stacks  |t 0  |e PR6003.E282 Z5693 2009  |h Library of Congress classification  |i unmediated -- volume  |m A14840060534 
998 f f |a PR6003.E282 Z5693 2009  |t 0  |l Evans: Library Stacks